| 000 | 00468nam a22001817a 4500 | ||
|---|---|---|---|
| 999 |
_c9177 _d9177 |
||
| 003 | GBCCL | ||
| 005 | 20241126110706.0 | ||
| 008 | 220420b ||||| |||| 00| 0 eng d | ||
| 040 | _cgbc | ||
| 082 |
_a248 _bPOO |
||
| 100 |
_aPoonen, Zac _96850 |
||
| 245 |
_aSecrets of victory / _cZac Poonen |
||
| 250 | _a8th edition | ||
| 260 |
_aBangalore, India : _bChristian Fellowship Centre, _c2014 |
||
| 300 | _a48pages | ||
| 650 |
_aChristian life. _9183 |
||
| 942 |
_2ddc _cBK |
||